000 01017nam a22002657a 4500
999 _c719
_d719
001 002129
003 CoMeUDC002129
005 20190114204301.0
008 981119s1994 ck a r 10010 spa d
015 _ack-1994-xxxx
035 _aAGL2293 LA
040 _ala
_cCoMeUDC
041 0 _aspa
043 _as-ck---
082 0 4 _a346.086
_bE56m
111 2 _aEncuentro Nacional de la Asociacin̤ Colombiana de Derecho de Seguros
_d(1994 :
_cSantafé de Bogotá)
245 1 0 _aMemorias del XIX Encuentro Nacional de la Asociacion Colombiana de Derecho de Seguros /
_cAsociacion Colombiana de Derecho de Seguros.
260 _aSantafé de Bogotá :
_bAcoldese,
_c1994.
300 _a242 p. :
_bil. ;
_c24 cm.
650 0 _aPólizas de seguros.
_x Legislación
_z Colombia
_v Congresos, conferencias, etc.
_91053
650 0 _aSupervisión estatal de seguros.
_z Colombia
_v Congresos, conferencias, etc..
_91054
710 2 _aAsociacin̤ Colombiana de Derecho de Seguros.
942 _2ddc
_cBK
949 _ac
_bc